Annual reefer shipping market review and forecast - 2006 is the specialised reefer fleet in terminal decline?
Αποθηκεύτηκε σε:
| Συγγραφή απο Οργανισμό/Αρχή: | |
|---|---|
| Μορφή: | Βιβλίο |
| Γλώσσα: | English |
| Δημοσίευση: |
London :
Drewry Shipping Consultants,
c2006
|
| Θέματα: | |
| Ετικέτες: |
Προσθήκη ετικέτας
Δεν υπάρχουν, Καταχωρήστε ετικέτα πρώτοι!
|
MARC
| LEADER | 00000nam a2200000 i 4500 | ||
|---|---|---|---|
| 001 | 1/56352 | ||
| 008 | 070928s2006 eng d | ||
| 035 | |l 10091116 | ||
| 040 | |a GR-MY-UA |b gre |e aacr | ||
| 041 | 0 | |a eng | |
| 082 | 0 | |a 387.544 |2 (22) | |
| 110 | 2 | |a Drewry Shipping Consultants. | |
| 245 | 1 | 0 | |a Annual reefer shipping market review and forecast - 2006/07 : |b is the specialised reefer fleet in terminal decline? / |c Drewry Shipping Consultants |
| 260 | |a London : |b Drewry Shipping Consultants, |c c2006 | ||
| 300 | |a vi, 116 σ.; |b διαγρ., πίν.; |c 30 εκ. | ||
| 500 | |a September 2006 | ||
| 650 | 0 | 0 | |a Refrigerated transport. |
| 650 | 0 | 0 | |a Refrigerator ships. |
| 650 | 0 | 0 | |a Market surveys. |
| 852 | |a INST |b CHIOS |e 20070928 |h 387.544 DRE |p 005200025526 |q 005200025526 |t BK |y 600 | ||
| 901 | |a BIBL2-2007-3 | ||
| 909 | |a Χ |b 139123 | ||
| 922 | |a 2ΕΛΗ |b 200709 |c ΕΠΕΑΕΚ2/ΤΝΕΥ |d ΕΛΕΥΘΕΡΟΥΔΑΚΗΣ | ||
| 970 | |a ΒΑΣΙΛΑΚΗ |b ΝΙΚΗ |z 2007/09/28 | ||